Estatísticas para Países mais próximos de Turquia

Clique aqui para jogar o quiz

Estatísticas Gerais

  • Esse quiz foi jogado 61 vezes
  • A pontuação média é 17 de 20

Estatísticas das Respostas

kmpaís% Correto
0Azerbaijão
98%
0Grécia
98%
0Armênia
94%
0Geórgia
94%
0Irão
92%
0Síria
92%
0Bulgária
90%
0Iraque
90%
285Israel
90%
125Líbano
87%
69Chipre
85%
136Rússia
85%
366Ucrânia
85%
420Albânia
83%
342Jordânia
83%
198Romênia
81%
322Sérvia
81%
274Macedónia
do Norte
79%
388Kosovo
77%
387Moldávia
63%

Distribuição das Pontuações

Percentil de Números Respondidos

Porcentagem de Pessoas com Cada Pontuação

Sua Pontuação Histórica

Você não jogou esse quiz